00410pab a2200133 454500008004000000100001700040245012100057260000900178300001500187362001200202650002700214650001900241773001600260180718b2014 xxu||||| |||| 00| 0 eng d aSaran, Shyam aRevamping India's national security architecture for optimum synergy in the use of its instruments of national power c2014 ap.534-540. aOct-Dec aState security - India aState security aUSI Journal